| 000 | 00696nam a2200193 a 4500 | ||
|---|---|---|---|
| 001 | 000045390 | ||
| 005 | 20240302073953.0 | ||
| 008 | 150305s2014 dr 000 0 spa d | ||
| 020 | _a9789993446286 | ||
| 040 |
_aDO-SdBNP _bspa _cBNPHU |
||
| 082 |
_axxxx _bxxxx |
||
| 100 | 1 |
_aRosario Candelier, Bruno, _d1941- _9851 |
|
| 245 | 1 | 0 |
_aPor las amenas liras : _bmística literaria y creación teopoética / _cBruno Rosario Candelier. |
| 260 |
_aSanto Domingo : _bAteneo Insular Internacional, _c2014. |
||
| 300 |
_a438 p. ; _c23 cm. |
||
| 490 | 1 |
_aEn la interior bodega _v7 |
|
| 500 | _aIncluye referencias bibliográficas y notas al pie de las páginas. | ||
| 830 | 0 |
_aEn la interior bodega ; _n7 _973428 |
|
| 999 |
_c44879 _d44879 |
||